| 000 | 00817nam a2200265Ia 4500 | ||
|---|---|---|---|
| 003 | GCL | ||
| 008 | 140319s9999 xx 000 0 ara d | ||
| 040 |
_aGCL / _cGCL |
||
| 082 | 0 | 4 |
_a362.41 _bك ر |
| 100 | 1 | _aكارول، توماس.ج | |
| 245 | 1 | 0 |
_aرعاية المكفوفين نفسيا واجتماعيا ومهينا / _cكارول، توماس.ج |
| 700 | 1 | _aصلاح مخيمر(مترجم) | |
| 260 |
_a[S.N] : _bعالم الكتب الحديث ، _c1969 |
||
| 300 | _a482 | ||
| 490 | _a | ||
| 650 | 0 | 4 | _aتشغيل الاحداث |
| 650 | 0 | 4 | _aتدريب |
| 650 | 0 | 4 | _aالرعاية |
| 650 | 0 | 4 | _aالشئون الاجتماعية |
| 650 | 0 | 4 | _aالمكفوفون |
| 650 | 0 | 4 | _aالعمى |
| 650 | 0 | 4 | _aتشغيل |
| 650 | 0 | 4 | _aطرق القراءة والكتابة |
| 942 |
_2ddc _cBK |
||
| 999 |
_c31240 _d31240 |
||